Taylor Swift mystery lyrics #3 - Statistics

General Stats
  • This quiz has been taken 199 times
    140 since last reset
  • The average score is 195 of 248
Answer Stats
Answer % Correct
a
100%
I
100%
the
100%
it
96%
you
96%
me
95%
He
92%
he
92%
in
92%
In
92%
we
92%
is
90%
My
90%
my
90%
your
90%
and
87%
And
87%
it's
87%
do
86%
No
86%
so
86%
to
86%
but
85%
when
85%
as
84%
if
84%
one
84%
what
84%
all
82%
at
82%
ha
82%
this
81%
can
80%
know
78%
of
78%
see
78%
does
77%
down
77%
dreams
77%
even
77%
Even
77%
He's
77%
just
77%
Say
77%
wildest
77%
you'll
77%
You'll
77%
are
76%
hell
76%
remember
76%
well
76%
can't
75%
dress
75%
from
75%
hands
75%
handsome
75%
His
75%
his
75%
now
75%
Red
75%
bad
73%
get
73%
gonna
73%
last
73%
out
73%
said
73%
staring
73%
tall
73%
with
73%
again
72%
ah
72%
babe
72%
has
72%
Nothing
72%
our
72%
standing
72%
away
71%
cheeks
71%
lips
71%
night
71%
rosy
71%
sunset
71%
town
71%
up
71%
city
70%
forever
70%
had
70%
lasts
70%
nice
70%
end
68%
let's
68%
room
68%
begins
67%
good
66%
Heaven
66%
take
66%
crowds
65%
around
63%
clothes
63%
very
63%
drive
62%
hair
62%
help
62%
bet
61%
burning
61%
getting
61%
kiss
61%
these
61%
condition
59%
leave
59%
memories
59%
request
59%
follow
58%
sound
58%
Tangled
58%
voice
58%
pretend
57%
thought
57%
familiar
56%
hindsight
56%
Someday
53%
we've
53%
No matching quizzes found
Score Distribution
Percent of People with Each Score
Percentile by Number Answered
Your Score History
You have not taken this quiz since the last reset